[Event "Titled Tuesday intern op 18th May"]
[Site "Chess.com INT"]
[Date "2021.05.18"]
[Round "11"]
[White "Temirkanov, David"]
[Black "Vovk, Orest"]
[Result "0-1"]
[WhiteElo "2282"]
[BlackElo "2315"]
[PlyCount "52"]
[EventDate "2021.05.18"]
[EventType "swiss (blitz)"]
[EventRounds "11"]
[EventCountry "USA"]
[SourceTitle "CBM 202 Extra"]
[Source "ChessBase"]
[SourceDate "2021.07.31"]
[SourceVersion "1"]
[SourceVersionDate "2021.07.31"]
[SourceQuality "1"]

1. d4 e5 2. dxe5 Nc6 3. e4 Nxe5 4. Nf3 Nxf3+ 5. Qxf3 Qf6 6. Nc3 Qxf3 7. gxf3 Bb4 8. Bd2 Ne7 9. Rg1 0-0 10. 0-0-0 a6 11. Bc4 d6 12. f4 Be6 13. Bd3 f5 14. f3 Ng6 15. Rdf1 Rf7 16. Rg5 Raf8 17. Rfg1 Bc5 18. R1g2 Nh4 19. R2g3 Bf2 20. Rh3 fxe4 21. Rxh4 Bxh4 22. Rh5 exd3 23. Rxh4 dxc2 24. Ne4 Bf5 25. Ng5 Re7 26. b3 Rfe8 0-1